00474nam a2200157Ia 450000500170000000800410001708200130005810000160007124500130008726000420010030000230014265000320016594200060019795200980020399900150030120250316142603.0240331s9999 xx 000 0 und d bKUMa894 aKumaresh, T 0aPurithal aVallipunambAranyam Publicationc2003 av, 100 ( 2nd copy) aCollection of Short Stories cL 001040708LaWERCLbWERCLcSSCd2024-03-31l0o 894.811 KUMp960r2024-03-31w2024-03-31yL c4026d4026